000 00690nam a2200277Ia 4500
005 20260324120256.0
008 008 260324s9999 xx 000 0 eng d
020 _a9781041057130
037 _aEBOOK
040 _aCRL
040 _beng
040 _cCRL
041 _2eng
041 _aeng
084 _qCRL
100 _aJenny Lawson; Trish Kreft; Annabel Charles
_91157922
245 0 _aSuccess! Passing the Professional Skills Tests for Teachers
260 _bTaylor and Francis
260 _c2015
365 _a
365 _b220
856 _uhttp://www.taylorfrancis.com/books/9781041057130
942 _cEBOOK
999 _c1749375
_d1749375